| 000 -LEADER | |
|---|---|
| fixed length control field | 00429nam a22001577a 4500 |
| 005 - DATE AND TIME OF LATEST TRANSACTION | |
| control field | 20170409143258.0 |
| 008 - FIXED-LENGTH DATA ELEMENTS--GENERAL INFORMATION | |
| fixed length control field | 170409b xxu||||| |||| 00| 0 eng d |
| 020 ## - INTERNATIONAL STANDARD BOOK NUMBER | |
| ISBN | 81-204-1599-X |
| 041 ## - LANGUAGE CODE | |
| Language code of text/sound track or separate title | eng |
| 100 ## - MAIN ENTRY--AUTHOR NAME | |
| Personal name | SINGH, CHHIDDA., SINGH, PREM AND SINGH, RAJBIR |
| 245 ## - TITLE STATEMENT | |
| Title | MODERN TECHNIQUES OF RAISING FIELD CROPS |
| 250 ## - EDITION STATEMENT | |
| Edition statement | 2ND |
| 260 ## - PUBLICATION, DISTRIBUTION, ETC. (IMPRINT) | |
| Place of publication | NEW DELHI |
| Name of publisher | OXFORD & I B H PUBLISHING |
| Year of publication | 1983 |
| 300 ## - PHYSICAL DESCRIPTION | |
| Number of Pages | 583 |
| 942 ## - ADDED ENTRY ELEMENTS (KOHA) | |
| Koha item type | Books |
| Lost status | Damaged status | Collection code | Home library | Current library | Shelving location | Date acquired | Source of acquisition | Cost, normal purchase price | Accession Number | Koha item type |
|---|---|---|---|---|---|---|---|---|---|---|
| AGRICULTURE | JRU Library | JRU Library | SHELF-44-B | 09/04/2017 | PURCHESS | 575.00 | 21769 | Books | ||
| AGRICULTURE | JRU Library | JRU Library | SHELF-44-B | 09/04/2017 | PURCHESS | 575.00 | 21770 | Books | ||
| AGRICULTURE | JRU Library | JRU Library | SHELF-44-B | 09/04/2017 | PURCHESS | 575.00 | 21771 | Books | ||
| AGRICULTURE | JRU Library | JRU Library | SHELF-44-B | 09/04/2017 | PURCHESS | 575.00 | 21772 | Books | ||
| AGRICULTURE | JRU Library | JRU Library | SHELF-16-D | 09/04/2017 | PURCHESS | 575.00 | 21773 | Books |